<?xml version="1.0" encoding="UTF-8"?>
<record
    xmlns:xsi="http://www.w3.org/2001/XMLSchema-instance"
    xsi:schemaLocation="http://www.loc.gov/MARC21/slim http://www.loc.gov/standards/marcxml/schema/MARC21slim.xsd"
    xmlns="http://www.loc.gov/MARC21/slim">

  <leader>00553nam a22001457a 4500</leader>
  <controlfield tag="008">150424b        xxu||||| |||| 00| 0 eng d</controlfield>
  <datafield tag="020" ind1=" " ind2=" ">
    <subfield code="a">8448219465</subfield>
  </datafield>
  <datafield tag="082" ind1=" " ind2=" ">
    <subfield code="a">707</subfield>
    <subfield code="b">A 637a</subfield>
  </datafield>
  <datafield tag="100" ind1=" " ind2=" ">
    <subfield code="a">Anzo (autor), Gandia Casimiro, Jose (curador)</subfield>
    <subfield code="9">2462</subfield>
  </datafield>
  <datafield tag="245" ind1=" " ind2=" ">
    <subfield code="a">Anzo Aislamiento 2000</subfield>
    <subfield code="c">Anzo (autor), Gandia Casimiro, Jose (curador)</subfield>
  </datafield>
  <datafield tag="260" ind1=" " ind2=" ">
    <subfield code="a">Valencia</subfield>
    <subfield code="b">Generalitat Valenciana</subfield>
    <subfield code="c">1998</subfield>
  </datafield>
  <datafield tag="300" ind1=" " ind2=" ">
    <subfield code="a">268 p.</subfield>
    <subfield code="b">ill. (col)</subfield>
    <subfield code="c">24 cm</subfield>
  </datafield>
  <datafield tag="650" ind1=" " ind2=" ">
    <subfield code="x">Anzo--Exhibici&#xF3;n</subfield>
    <subfield code="x">Exhibiciones</subfield>
    <subfield code="x">Arte</subfield>
    <subfield code="y">Anzo--1931-2006</subfield>
    <subfield code="9">2463</subfield>
  </datafield>
  <datafield tag="700" ind1=" " ind2=" ">
    <subfield code="a">Anzo (autor), Jose Gandia Casimiro (curador)</subfield>
    <subfield code="9">2464</subfield>
  </datafield>
  <datafield tag="999" ind1=" " ind2=" ">
    <subfield code="c">535</subfield>
    <subfield code="d">535</subfield>
  </datafield>
  <datafield tag="952" ind1=" " ind2=" ">
    <subfield code="0">0</subfield>
    <subfield code="1">0</subfield>
    <subfield code="2">ddc</subfield>
    <subfield code="4">0</subfield>
    <subfield code="7">0</subfield>
    <subfield code="a">LV</subfield>
    <subfield code="b">LV</subfield>
    <subfield code="c">Monograf&#xED;as</subfield>
    <subfield code="d">2015-04-24</subfield>
    <subfield code="l">0</subfield>
    <subfield code="o">707 A 637a</subfield>
    <subfield code="p">000571</subfield>
    <subfield code="r">2015-04-24 00:00:00</subfield>
    <subfield code="w">2015-04-24</subfield>
    <subfield code="y">01</subfield>
  </datafield>
</record>
